000 00676cam a2200229Ia 4500
020 _a9251055637
020 _a9789251055632
022 _a341 FAO 2006 A042 Or.
040 _cUAB
082 _a341 FAO 2006 A042 Or.
100 1 _aCotula, Lorenzo.
245 1 0 _aGender and law :
_bwomen's rights in agriculture /
250 _a[Second revised and updated edition]
300 _ax, 184 pages ;
_c24 cm
490 1 _aFAO legislative study,
500 _a"TC/M/A0686E/1/9.09/1000"--P. [4] of cover
650 0 _aWomen agricultural laborers
650 0 _aWomen agricultural laborers
650 0 _aWomen in agriculture.
650 0 _aWomen's rights.
942 _cAEDBB
999 _c20857
_d20857